000 01828nam a2200313 i 4500
005 20250329165435.0
007 ta
008 190415s2021 000 0 eng d
040 _aCO-CtgCURN
_bspa
_ccoctgcurn
_erda
082 0 _aENF 2021
_bP828
100 1 _aPontón Jeréz, María Fernanda,
_eauthor.
_4aut
245 1 0 _aFuncionalidad de los adultos mayores que asisten al refugio La Milagrosa :
_bCartagena, Colombia 2021 /
_cMaría Fernanda Pontón Jerez; Maria Banquez Madera; Yasbleydis García Parra Asesoras: Yolima Manrique Anaya Zoraida Barrios Puerta.
260 _aCartagena de Indias :
_bCorporación Universitaria Rafael Núñez,
_c2021.
300 _a109 hojas.
336 _atext
_btxt
_2rdacontent
337 _aunmediated
_bn
_2rdamedia
338 _avolume
_bnc
_2rdacarrier
504 _aTrabajo de grado (Enfermera). Corporación Universitaria Rafael Nuñez. Facultad de Ciencias de la Salud. Programa de Enfermería, 2021.
520 _a"La funcionalidad es una competencia física que permite desarrollar a las personas sus actividades cotidianas y tareas de movilidad necesarias para su vida independiente. En la adultez mayor la capacidad funcional puede verse afectada por el proceso de envanecimiento. "
650 0 _aEnfermería
_vTesis y disertaciones academicas.
700 1 _aBanquez Madera, Maria.
700 1 _aGarcía Parra, Yasbleydis.
700 1 _aManrique Anaya, Yolima,
_easesora.
700 1 _aBarrios Puerta, Zoraida,
_easesora.
856 _uhttps://unicurn.sharepoint.com/:b:/s/biblioteca/EXBw4n1YYQVBtN9Fg76ni1gBCayj7wWn0f61B_QHxJCJ3w?e=4tQYZ8
_zClick aqui para ver el recurso en texto completo
856 7 _zClick aqui para ver el recurso en texto completo
942 _2ddc
_cTG
_hENF 2021
_iP828
999 _c4077
_d4077